Beijing City Trivia - Statistics

General Stats
  • This quiz has been taken 668 times
  • The average score is 13 of 20
Answer Stats
Clue Answer % Correct
Major event Beijing hosted in 2008. Summer Olympics
98%
Former English-language spelling of Beijing. Peking
95%
Square that was the site of democracy protests, and a bloody massacre, in 1989. {Tiananmen} Square
95%
Compound where the emperor of China once lived. {Forbidden} City
93%
Most common Chinese dialect. Mandarin
92%
Chinese dynasty that applied the name "Beijing" to the city in 1403. Ming
77%
Political figure who was born in Beijing in 1953. Xi Jinping
77%
When Beijing was known as Khanbaliq, its served as the last capital of this vast empire 1368. {Mongol} Empire
72%
City that served as the capital of China before moving to Beijing in 1949. Nanjing
71%
The Beijing Capital International Airport has been the second busiest in the world by passenger traffic since 2010 just behind this city. Atlanta
63%
Beijing is represented by the characters 北京. What do these characters mean in English? Northern {Capital}
63%
Municipality-city that borders Beijing. Tianjin
63%
Animal eaten as food in the most famous dish from Beijing. Duck
60%
Nickname for the Beijing National Stadium. Bird's Nest
49%
The Badaling is the most visited section of this huge construction in Beijing. Great Wall of China
48%
Famous religious complex in central Beijing and a World Heritage Site since 1998. Temple of {Heaven}
39%
Province that almost entirely surrounds Beijing. Hebei
35%
Building that is used for legislative and ceremonial activities. Great Hall of the {People}
33%
Major canal that connects Beijing to Hangzhou. Grand Canal
32%
Chinese dynasty that established Beijing in 1045 B.C. Zhou
21%
No matching quizzes found
Score Distribution
Percent of People with Each Score
Percentile by Number Answered
Your Score History
You have not taken this quiz